Are We Human... or Are we Geography? - Statistics

General Stats
  • This quiz has been taken 159 times
  • The average score is 16 of 20
Answer Stats
Question Answer % Correct
Brooke Shields Human
100%
Frank Ocean Human
95%
Forest Whitaker Human
95%
Sierra Nevada Not Human
95%
Jonah Hill Human
91%
Sandy Koufax Human
91%
Addis Ababa Not Human
91%
Olympus Mons Not Human
91%
Bunker Hill Not Human
86%
Pancho Villa Human
82%
Ricki Lake Human
82%
River Phoenix Human
82%
Joshua Tree Not Human
77%
Bryce Canyon Not Human
73%
Misty Fjords Not Human
73%
Faith Hill Human
68%
Bandar Seri Begawan Not Human
68%
Nizhniy Novgorod Not Human
55%
The Great Karoo Not Human
50%
Mungo Park Human
32%
No matching quizzes found
Score Distribution
Percent of People with Each Score
Percentile by Number Answered
Your Score History
You have not taken this quiz